000 00836nam a2200205Ia 4500
001 10455
003 GE_BSU
008 181216s||||||||xx |||||||||||||| ||und||
020 _a9789992895269
040 _cGE_BSU
080 _a821.353.1–3+821.353.1–32
245 _aქართული პროზა:წ.8:მოთხრობები.ილია ჭავჭავაძე
245 _cშემდგ:გ.გვერდწითელი; რედ:ნ.აბესაძე;მხატვ:დ.დუნდუა
260 _aთბილისი
260 _bსაბჭოთა საქართველო
260 _c1984
300 _a512გვ;20სმ.
653 _aქართული პროზა:წ.8:მოთხრობები.ილია ჭავჭავაძე
942 _cBK
999 _c43714
_d43714